En la pintura de Raúl Anguiano /

Salvato in:
Dettagli Bibliografici
Autore principale: Anguiano, Raúl (autor)
Altri autori: Pascual Buxó, José (estudio) (estudio), Ribeiro, Gerardo (edición) (edición)
Natura: Libro
Lingua:spagnolo
Pubblicazione: México : Ediciones de Comunicación, 1986, c1986
Tags: Aggiungi Tag
Nessun Tag, puoi essere il primo ad aggiungerne!!

MARC

LEADER 00000nam^a2200000^a^4500
001 000630031
005 20260407000000.0
009 20260408133321.109
020 |a 968-7037-20-2 
037 |a Acervo ITESO - Biblioteca 
041 |a ESP 
091 |a FOB. 04421 
100 |a Anguiano, Raúl  |e (autor) 
245 1 0 |a En la pintura de Raúl Anguiano / 
264 4 |a México :  |b Ediciones de Comunicación,  |c 1986, c1986 
300 |a 175 p. 
336 |a texto  |b txt  |2 rdacontenido 
337 |a sin mediación  |b n  |2 rdamedio 
338 |a volumen  |b nc  |2 rdasoporte 
649 |a XX 
700 |a Pascual Buxó, José  |e (estudio) 
700 |a Ribeiro, Gerardo  |e (edición) 
910 |a Fondo Carlos de Obeso Orendain 
920 |a Impresos - Libros 
930 |a Fondos Especiales 
905 |a 147 
901 |a 630031-10  |b IT2  |c ESP  |i D85437  |u 20260407 
902 |a https://opac.biblio.iteso.mx/vufind/Record/000630031